| 000 | 00526nam a2200181Ia 4500 | ||
|---|---|---|---|
| 008 | 100921s9999 xx 000 0 und d | ||
| 082 |
_b42586 _a891.463 न 05 |
||
| 100 | _aदाते ग.वि. | ||
| 245 | _aदोघी. | ||
| 260 |
_bचिरानि प्रकाशन,पुणे. _c2005 |
||
| 300 |
_a298 _b--- |
||
| 365 | _b200 | ||
| 520 | _aललित-कादंबरी. | ||
| 630 | _aदोघी. | ||
| 650 | _aललित-कादंबरी. | ||
| 730 | _aदोघी. | ||
| 942 | _cBOOK | ||
| 999 |
_c791699 _d791696 |
||